000 01614nam a22004217a 4500
003 CHAP
005 20220817044240.0
008 090123s2008 mx a r 00010 spa d
010 _a95691
011 _a96663
035 _a107319
040 _cCHAP
090 _aTesis
100 1 _aFlores Ortega, Sandra Lizeth
_941671
245 1 0 _aDiversidad vegetal del sotobosque en áreas bajo manejo del ejido la Mojonera, Zacualtipán, Hidalgo
_c/por Saqndra Lizeth Flores Ortega
260 _aChapingo, Méx. :
_bEl autor,
_c2008
300 _aviii, 58 h. :
_bcuadros, gráfs.
502 _aTesis (Ing. Forestal) -- UACH. División de Ciencias Forestales
530 _aTambién disponible en línea
590 _aALEPH
_b10
_c20130110
_lUCH01
_h1525
590 _aBATCH-UPD
_b10
_c20130110
_lUCH01
_h0812
590 _aBATCH-UPD
_b10
_c20130410
_lUCH01
_h0449
590 _aBATCH-UPD
_b10
_c20130914
_lUCH01
_h0629
590 _aBATCH-UPD
_b10
_c20140324
_lUCH01
_h1508
590 _aBATCH-UPD
_b10
_c20141002
_lUCH01
_h0838
590 _aCONVERSION
_b10
_c20130109
_lUCH01
_h1353
650 1 4 _aBiodiversidad
_xConservación.
_912726
650 1 4 _aBosques
_xAdministración
_zHidalgo.
_914038
650 1 4 _aBosques
_xPreservación.
650 1 4 _aEcología vegetal.
_935188
650 1 4 _aEjidos
_xHidalgo.
_936017
650 1 4 _aPinus patula.
_988356
856 _3Finding aid
_uhttp://10.13.5.2/tesis/107319.pdf
_zTeclea aqui
901 _aBK
942 _cFOLL
949 _aTesis
_bBC
_cTES
_d33724002081884
_eTS1
_gDonaciØn
_h48544
_i107319
_sb
949 _aTesis
_bBC
_cTES
_d33724002081926
_eTS2
_fc.2
_gDonaciØn
_h48545
_i107319
_si
999 _c95691
_d95691